Cliquez sur les pays d'Océanie sur une carte - Statistiques

Statistiques générales
  • Ce quiz a été pris 883 fois
  • Le résultat moyen est 10 sur 14
Réponses sur la Carte
Les réponses sont colorées sur une échelle allant du rouge au vert en fonction du pourcentage des utilisateurs qui les ont devinées à leur premier essai. Vous pouvez retrouver ces pourcentages ci-dessous.
 
Statistiques - réponses
Réponse % Correct
Australie
96%
Nouvelle-Zélande
93%
Papouasie-Nouvelle-Guinée
89%
États Fédérés de Micronésie
76%
Kiribati
74%
Fidji
69%
Îles Salomon
66%
Nauru
63%
Palaos
63%
Tuvalu
60%
Vanuatu
57%
Îles Marshall
56%
Samoa
55%
Tonga
55%
Aucun quiz correspondant
Distribution des résultats
% des personnes avec chaque résultat
Percentile par nombre de réponses
Votre historique - résultats
Vous n’avez pas pris ce quiz